00579nam a2200145Ia 4500008004100000100002100041245006600062245009400128260004900222260000900271650001300280856004800293999001900341952007300360170221s9999 xx 000 0 und d aAlmehairi, Mira. aAdoption of virtual shopping: Using smart phones and QR codes cMira Almehairi, Zayed University, Dubai, UAE; Tariq Bhatti, Zayed University, Dubai, UAE. bJournal of Management and Marketing Research c2015 xBusiness uhttp://www.aabri.com/manuscripts/141938.pdf c309298d309298 001040aCLbCLd2017-02-21l0r2017-02-21 00:00:00w2017-02-21yFOJ